000 01046nam a2200205 a 4500
008 120416s1985 ||||||||||||||||| || u
020 _a007066241X
050 _aT 58.6 Dav
100 _aDavis, Gordon Bitter
245 1 0 _aManagement information systems
246 _aconceptual foundations, structure and development
250 _a2nd ed.
260 _aNew York
_bMcGraw-Hill
_c1985
300 _aix, 693p. : ill.
350 _a0.00
995 _aBINDERY (DAMAGED)
_D0.00
_e727213
_FCBU-MAIN LIBRARY (Kitwe)
_H4
_I21.95
_jT 58.6 DAV
_M1
_UDAMAGED
_y000028
_ZMain Library Open Access Collection
995 _aBINDERY (DAMAGED)
_D0.00
_e727212
_FCBU-MAIN LIBRARY (Kitwe)
_H1
_I21.95
_jT 58.6 Dav
_M3
_UDAMAGED
_y000137
_ZMain Library Open Access Collection
995 _aBINDERY (DAMAGED)
_D0.00
_e727210
_FCBU-MAIN LIBRARY (Kitwe)
_H3
_I21.95
_jT 58.6 Dav
_M2
_UDAMAGED
_y000030
_ZMain Library Open Access Collection
995 _aBINDERY (DAMAGED)
_D0.00
_e727211
_FCBU-MAIN LIBRARY (Kitwe)
_H2
_I21.95
_jT 58.6 Dav
_M4
_UDAMAGED
_y000031
_ZMain Library Open Access Collection
999 _c82440
_d82440